All Bulgaria's Premier League Players Ever - Statistics

General Stats
  • This quiz has been taken 39 times
  • The average score is 3 of 9
Answer Stats
# Year Team(s) Player % Correct
229 2006–14 Tottenham, Manchester United, Fulham Dimitar Berbatov
100%
118 2007–12 Manchester City, Bolton Wanderers Martin Petrov
54%
185 2006–12 Aston Villa Stiliyan Petrov
51%
11 2007–09 Manchester City Valeri Emilov Bozhinov
20%
17 2013–14 Aston Villa Aleksandar Tonev
17%
61 1992–95 Ipswich Town Bontcho Guenchev
11%
48 2000–02, 2003–04, 2005–07 West Ham, Portsmouth, Wigan Athletic Svetoslav Todorov
11%
179 2000–07 Charlton Athletic Radostin Kishishev
9%
5 2012–13 Fulham Stanislav Manolev
9%
No matching quizzes found
Score Distribution
Percent of People with Each Score
Percentile by Number Answered
Your Score History
You have not taken this quiz